Estereoscopio.

Instrumento óptico destinado a la observación e interpretación de fotografías aéreas consecutivas (60% de superposición o traslape) y dotado de dos lentes, para lograr una visión simultánea de ambos ojos, es decir, obtener una perspectiva tridimensional

Detalles Bibliográficos
Formato: Objeto
Lenguaje:español
Materias:

MARC

LEADER 00000crm a22000007a 4500
001 000012
003 UAHC_CL
005 20200616101930.0
008 080428b xx | 000 zaspa
952 |0 0  |1 0  |4 0  |7 0  |8 Referencia  |9 14  |a BC  |b BC  |c Referencia  |d 2017-08-03  |l 7  |m 3  |p 1371393  |r 2022-12-06 00:00:00  |s 2022-12-06  |t 1  |w 2017-08-03  |y OBJ 
952 |0 0  |1 0  |4 0  |7 0  |8 Referencia  |9 15  |a BC  |b BC  |c Referencia  |d 2017-08-03  |l 8  |m 1  |p 1371394  |r 2022-12-06 00:00:00  |s 2022-12-06  |t 2  |w 2017-08-03  |y OBJ 
952 |0 0  |1 0  |4 0  |7 0  |8 Referencia  |9 16  |a BC  |b BC  |c Referencia  |d 2017-08-03  |l 7  |m 1  |p 1371395  |r 2019-12-02 00:00:00  |s 2019-12-18  |t 3  |w 2017-08-03  |y OBJ 
952 |0 0  |1 0  |4 0  |7 0  |8 Referencia  |9 17  |a BC  |b BC  |c Referencia  |d 2017-08-03  |l 5  |m 2  |p 1371396  |r 2019-12-02 00:00:00  |s 2019-12-18  |t 4  |w 2017-08-03  |y OBJ 
952 |0 0  |1 0  |4 0  |7 0  |8 Referencia  |9 18  |a BC  |b BC  |c Referencia  |d 2017-08-03  |l 8  |m 5  |p 1371397  |r 2022-12-06 00:00:00  |s 2022-12-06  |t 5  |w 2017-08-03  |y OBJ 
952 |0 0  |1 0  |4 0  |7 0  |8 Referencia  |9 19  |a BC  |b BC  |c Referencia  |d 2017-08-03  |l 7  |m 6  |p 1371398  |r 2019-12-02 00:00:00  |s 2019-12-18  |t 6  |w 2017-08-03  |y OBJ 
952 |0 0  |1 0  |4 0  |7 0  |8 Referencia  |9 20  |a BC  |b BC  |c Referencia  |d 2017-08-03  |l 6  |m 3  |p 10992  |r 2020-03-11 00:00:00  |s 2019-12-10  |t 7  |w 2017-08-03  |y OBJ 
952 |0 0  |1 0  |4 0  |7 0  |8 Referencia  |9 21  |a BC  |b BC  |c Referencia  |d 2017-08-03  |l 9  |m 5  |p 1371400  |r 2019-12-02 00:00:00  |s 2019-12-18  |t 8  |w 2017-08-03  |y OBJ 
952 |0 0  |1 0  |4 0  |7 0  |8 Referencia  |9 22  |a BC  |b BC  |c Referencia  |d 2017-08-03  |l 1  |m 1  |p 1383070  |r 2020-01-09 00:00:00  |s 2019-12-10  |t 9  |w 2017-08-03  |y OBJ 
952 |0 0  |1 0  |4 0  |7 0  |8 Referencia  |9 23  |a BC  |b BC  |c Referencia  |d 2017-08-03  |l 1  |p 1383071  |r 2019-12-02 00:00:00  |s 2017-12-20  |t 10  |w 2017-08-03  |y OBJ 
952 |0 0  |1 0  |4 0  |7 0  |8 Referencia  |9 24  |a BC  |b BC  |c Referencia  |d 2017-08-03  |l 8  |m 2  |p 1388638  |r 2019-12-02 00:00:00  |s 2019-12-18  |t 11  |w 2017-08-03  |y OBJ 
999 |c 12  |d 12 
040 |a UAHC_CL  |c UAHC_CL  |d UAHC_CL 
245 1 0 |a Estereoscopio. 
500 |a REVISAR EN LA DEVOLUCION EL ESTADO DE LOS LENTES Y DEL SOPORTE DE METAL.....12.06.09. MBP. 
520 |a Instrumento óptico destinado a la observación e interpretación de fotografías aéreas consecutivas (60% de superposición o traslape) y dotado de dos lentes, para lograr una visión simultánea de ambos ojos, es decir, obtener una perspectiva tridimensional 
650 0 |9 878  |a Geografía 
942 |c OBJ  |2 ddc